DNA science: first course. (Record no. 162906)
[ view plain ]
| 000 -LEADER | |
|---|---|
| fixed length control field | 00577nam a2200229Ia 4500 |
| 003 - CONTROL NUMBER IDENTIFIER | |
| control field | OSt |
| 005 - DATE AND TIME OF LATEST TRANSACTION | |
| control field | 20230502092934.0 |
| 008 - FIXED-LENGTH DATA ELEMENTS--GENERAL INFORMATION | |
| fixed length control field | 210423s2002 xx 000 0 und d |
| 020 ## - INTERNATIONAL STANDARD BOOK NUMBER | |
| International Standard Book Number | 879696362 |
| 040 ## - CATALOGING SOURCE | |
| Transcribing agency | AL |
| 041 ## - LANGUAGE CODE | |
| Language code of text/sound track or separate title | eng |
| 082 ## - DEWEY DECIMAL CLASSIFICATION NUMBER | |
| Classification number | 574.87322 MICD |
| 100 ## - MAIN ENTRY--PERSONAL NAME | |
| Personal name | MICKLOS (D A). |
| 9 (RLIN) | 95658 |
| 245 ## - TITLE STATEMENT | |
| Title | DNA science: first course. |
| 250 ## - EDITION STATEMENT | |
| Edition statement | 2 |
| 260 ## - PUBLICATION, DISTRIBUTION, ETC. | |
| Place of publication, distribution, etc. | New York |
| Name of publisher, distributor, etc. | Cambridge University Press |
| Date of publication, distribution, etc. | 2002 |
| 300 ## - PHYSICAL DESCRIPTION | |
| Extent | - |
| Other physical details | PB |
| 365 ## - TRADE PRICE | |
| Price amount | 1974 |
| Currency code | INR |
| 650 ## - SUBJECT ADDED ENTRY--TOPICAL TERM | |
| Topical term or geographic name entry element | Cell Biology |
| 9 (RLIN) | 95659 |
| 906 ## - LOCAL DATA ELEMENT F, LDF (RLIN) | |
| a | course. ; DNA ; first ; science ; science: |
| 942 ## - ADDED ENTRY ELEMENTS (KOHA) | |
| Source of classification or shelving scheme | Dewey Decimal Classification |
| Koha item type | Book |
| Withdrawn status | Lost status | Damaged status | Not for loan | Collection code | Home library | Current library | Date acquired | Source of acquisition | Cost, normal purchase price | Total Checkouts | Full call number | Barcode | Date last seen | Price effective from | Koha item type |
|---|---|---|---|---|---|---|---|---|---|---|---|---|---|---|---|
| Bio Technology | St Aloysius PG Library | St Aloysius PG Library | 08/29/2003 | Yashaswi Enterprises | 1974.00 | 574.87322 MICD | PG009400 | 08/24/2022 | 04/26/2021 | Book |